000 00422nam a2200181Ia 4500
001 8241
005 20260306160554.0
008 260306t2011||||xx |||||||||||||| ||spa||
041 _aESP
082 _a370.15
_bT87
100 _aTuckman, Bruce W.
_eAUT
245 0 _aPsicologĂ­a educativa
260 _c2011
300 _axxxiii, 652 páginas :
_c27 cm.
650 _aGEN
654 _aCED
942 _cLIB
_dJUS
_fJUS
_2ddc
_n
999 _c8241
_d8241